[Event "Berlin op 05"]
[Site "Berlin"]
[Date "2006.05.26"]
[Round "4"]
[White "Hirsch, Thomas"]
[Black "Weigelt, Thomas"]
[Result "0-1"]
[WhiteElo "1471"]
[BlackElo "1729"]
[PlyCount "42"]
[EventDate "2006.05.24"]
[EventType "swiss"]
[EventRounds "7"]
[EventCountry "GER"]
[SourceTitle "EXT 2007"]
[Source "ChessBase"]
[SourceDate "2006.11.23"]
[SourceVersion "1"]
[SourceVersionDate "2006.11.23"]
[SourceQuality "1"]

1. c4 e5 2. Nc3 Nf6 3. g3 Bb4 4. Bg2 c6 5. e3 0-0 6. Nge2 d5 7. cxd5 Nxd5 8. 0-0 Be6 9. d4 exd4 10. Qxd4 Nxc3 11. Nxc3 Qa5 12. Rd1 Na6 13. a3 Bb3 14. Rf1 Rad8 15. Qxa7 Rd7 16. Bd2 Bc5 17. Ne4 Rxd2 18. Qxb7 Rb8 19. Qxc6 Ba4 20. b4 Bxc6 21. bxa5 Bxe4 0-1

[Event "Berlin op 05"]
[Site "Berlin"]
[Date "2006.05.25"]
[Round "3"]
[White "Muschik, Xaver"]
[Black "Hirsch, Thomas"]
[Result "1/2-1/2"]
[WhiteElo "1326"]
[BlackElo "1471"]
[PlyCount "64"]
[EventDate "2006.05.24"]
[EventType "swiss"]
[EventRounds "7"]
[EventCountry "GER"]
[SourceTitle "EXT 2007"]
[Source "ChessBase"]
[SourceDate "2006.11.23"]
[SourceVersion "1"]
[SourceVersionDate "2006.11.23"]
[SourceQuality "1"]

1. c4 e5 2. Nc3 Nf6 3. g3 d5 4. cxd5 Nxd5 5. Bg2 Be6 6. e3 c5 7. Nge2 Nc6 8. 0-0 Be7 9. b3 0-0 10. Bb2 Ndb4 11. Nc1 Bf5 12. Ne4 Qd7 13. a3 Nd3 14. Bc3 Rad8 15. Nxd3 Qxd3 16. Qb1 Qxb1 17. Raxb1 Bg6 18. f4 Bd6 19. Nxd6 Rxd6 20. fxe5 Re6 21. Rbc1 Nxe5 22. Bxb7 Nd3 23. Rcd1 Rb6 24. Bd5 Bh5 25. Rb1 h6 26. e4 Be2 27. Bc4 Bxf1 28. Kxf1 Rd8 29. Ba5 Rf6+ 30. Kg2 Rd7 31. Bb5 Rdd6 32. Bc3 Rfe6 1/2-1/2

[Event "Berlin-ch U14"]
[Site "Berlin"]
[Date "2004.02.03"]
[Round "3"]
[White "Gruenwald, Eduard"]
[Black "Hirsch, Thomas"]
[Result "1-0"]
[WhiteElo "1989"]
[BlackElo "1217"]
[PlyCount "61"]
[EventDate "2004.04.??"]
[EventType "swiss"]
[EventRounds "7"]
[EventCountry "GER"]
[SourceTitle "EXT 2005"]
[Source "ChessBase"]
[SourceDate "2004.11.15"]
[SourceVersion "1"]
[SourceVersionDate "2004.11.15"]
[SourceQuality "1"]

1. e4 c5 2. Nf3 Nc6 3. d4 cxd4 4. Nxd4 Nf6 5. Nc3 g6 6. Be3 Bg7 7. f3 0-0 8. Bc4 e6 9. Qd2 d5 10. exd5 exd5 11. Bb3 Re8 12. 0-0-0 a6 13. h4 Na5 14. Bh6 Nc4 15. Bxc4 dxc4 16. h5 Nxh5 17. Bxg7 Nxg7 18. Qh6 f6 19. Qxh7+ Kf7 20. Rh6 Bf5 21. Nxf5 gxf5 22. Qg6+ Kg8 23. Rxd8 Raxd8 24. b3 Re3 25. Qxf6 Rd7 26. bxc4 Re1+ 27. Kb2 Ne8 28. Rg6+ Kh7 29. Qxf5 Ng7 30. Rxg7+ Kxg7 31. Qxd7+ 1-0

[Event "GER-ch U12"]
[Site "Winterberg"]
[Date "2002.05.25"]
[Round "11"]
[White "Heistermann, Till"]
[Black "Hirsch, Thomas"]
[Result "0-1"]
[WhiteElo "1483"]
[BlackElo "1229"]
[PlyCount "64"]
[EventDate "2002.05.19"]
[EventType "swiss"]
[EventRounds "11"]
[EventCountry "GER"]
[SourceTitle "CBM 088 Extra"]
[Source "ChessBase"]
[SourceDate "2002.07.01"]
[SourceVersion "2"]
[SourceVersionDate "2002.07.01"]
[SourceQuality "1"]

1. e4 e5 2. Nf3 Nc6 3. Bb5 a6 4. Ba4 Nf6 5. 0-0 b5 6. Bb3 Be7 7. Re1 d6 8. h3 0-0 9. c3 Bb7 10. d4 h6 11. Bc2 exd4 12. cxd4 d5 13. e5 Ne4 14. Nc3 Bb4 15. Bxe4 dxe4 16. Rxe4 Bxc3 17. bxc3 Ne7 18. Re1 Nd5 19. Qd3 b4 20. c4 Nc3 21. Bd2 Bxf3 22. gxf3 Qh4 23. Kg2 Rad8 24. Bxc3 bxc3 25. Re4 Qg5+ 26. Kh2 c5 27. d5 f5 28. Ree1 Qf4+ 29. Kh1 Qd4 30. Qxd4 cxd4 31. Rad1 Rfe8 32. e6 Rb8 0-1

[Event "GER-ch U12"]
[Site "Winterberg"]
[Date "2002.05.24"]
[Round "10"]
[White "Hirsch, Thomas"]
[Black "Benzen, Marthe"]
[Result "1-0"]
[WhiteElo "1229"]
[BlackElo "1369"]
[PlyCount "45"]
[EventDate "2002.05.19"]
[EventType "swiss"]
[EventRounds "11"]
[EventCountry "GER"]
[SourceTitle "CBM 088 Extra"]
[Source "ChessBase"]
[SourceDate "2002.07.01"]
[SourceVersion "2"]
[SourceVersionDate "2002.07.01"]
[SourceQuality "1"]

1. e4 e5 2. Nf3 Nc6 3. Bc4 Bc5 4. Nc3 Nf6 5. d3 d6 6. h3 Be6 7. Bb3 Qd7 8. 0-0 d5 9. exd5 Nxd5 10. Ne4 Bb6 11. c4 Ndb4 12. c5 Bxb3 13. Qxb3 Ba5 14. Bd2 Qxd3 15. Ng3 0-0-0 16. Qxf7 Nc2 17. Bxa5 Nxa5 18. Nxe5 Qd2 19. Qf5+ Kb8 20. Rad1 Qxd1 21. Rxd1 Rxd1+ 22. Nf1 Rd5 23. Nd7+ 1-0

[Event "GER-ch U12"]
[Site "Winterberg"]
[Date "2002.05.22"]
[Round "7"]
[White "Hirsch, Thomas"]
[Black "Kickert, Germaine Helene"]
[Result "1-0"]
[WhiteElo "1229"]
[BlackElo "1032"]
[PlyCount "55"]
[EventDate "2002.05.19"]
[EventType "swiss"]
[EventRounds "11"]
[EventCountry "GER"]
[SourceTitle "CBM 088 Extra"]
[Source "ChessBase"]
[SourceDate "2002.07.01"]
[SourceVersion "2"]
[SourceVersionDate "2002.07.01"]
[SourceQuality "1"]

1. e4 e5 2. Nf3 Nc6 3. Bc4 Bc5 4. Nc3 Nf6 5. d3 d6 6. h3 Na5 7. Bb3 Nxb3 8. axb3 Be6 9. 0-0 0-0 10. Bg5 c6 11. d4 exd4 12. Nxd4 h6 13. Bh4 Re8 14. Qd3 Bd7 15. Rad1 Bxd4 16. Qxd4 Re6 17. f4 Qb6 18. Bxf6 Rxf6 19. e5 Qxd4+ 20. Rxd4 Rg6 21. Ne4 d5 22. f5 dxe4 23. fxg6 Be6 24. gxf7+ Bxf7 25. Rxe4 Bg6 26. Ref4 Bxc2 27. e6 Bxb3 28. e7 1-0

[Event "GER-ch U12"]
[Site "Winterberg"]
[Date "2002.05.21"]
[Round "6"]
[White "Gorodetski, Boris"]
[Black "Hirsch, Thomas"]
[Result "1-0"]
[WhiteElo "1309"]
[BlackElo "1229"]
[PlyCount "67"]
[EventDate "2002.05.19"]
[EventType "swiss"]
[EventRounds "11"]
[EventCountry "GER"]
[SourceTitle "CBM 088 Extra"]
[Source "ChessBase"]
[SourceDate "2002.07.01"]
[SourceVersion "2"]
[SourceVersionDate "2002.07.01"]
[SourceQuality "1"]

1. d4 d5 2. c4 e6 3. Nc3 Nf6 4. cxd5 exd5 5. Bg5 Be7 6. e3 Nc6 7. Bd3 Bb4 8. Qc2 Qe7 9. Nge2 Bg4 10. 0-0 h6 11. Nxd5 Qd6 12. Nxf6+ gxf6 13. Bf4 Qd7 14. Rfd1 0-0-0 15. a3 Bd6 16. Bxd6 Qxd6 17. Bf5+ Bxf5 18. Qxf5+ Kb8 19. Rac1 Rdg8 20. d5 Ne7 21. Qf4 h5 22. Qxd6 cxd6 23. Nc3 Nf5 24. Ne4 Rh6 25. Kf1 Nh4 26. g3 Nf5 27. h4 Rg4 28. Nc3 Ne7 29. Nb5 f5 30. Rc7 Re4 31. Rdc1 Rg6 32. Rd7 Rg8 33. Rcc7 Nxd5 34. Rxb7+ 1-0

[Event "GER-ch U12"]
[Site "Winterberg"]
[Date "2002.??.??"]
[Round "2"]
[White "Forchmann, Georg"]
[Black "Hirsch, Thomas"]
[Result "1-0"]
[WhiteElo "1577"]
[BlackElo "1229"]
[PlyCount "69"]
[EventDate "2002.05.19"]
[EventType "swiss"]
[EventRounds "11"]
[EventCountry "GER"]
[SourceTitle "CBM 088 Extra"]
[Source "ChessBase"]
[SourceDate "2002.07.01"]
[SourceVersion "2"]
[SourceVersionDate "2002.07.01"]
[SourceQuality "1"]

1. e4 e5 2. Nf3 Nc6 3. Bb5 a6 4. Ba4 Bd6 5. 0-0 Nf6 6. Re1 0-0 7. c3 Re8 8. d3 h6 9. Nbd2 Bc5 10. h3 b5 11. Bb3 Bb7 12. Nf1 d5 13. Qe2 Na5 14. Bxd5 Nxd5 15. exd5 Bxd5 16. b4 e4 17. N3d2 exd3 18. Qxe8+ Qxe8 19. Rxe8+ Rxe8 20. bxc5 Re6 21. Ne3 Bb7 22. Ba3 Rg6 23. Rd1 Nc4 24. Ndxc4 bxc4 25. g3 Bf3 26. Rd2 Be2 27. Nxc4 f5 28. Ne5 Rf6 29. Nxd3 Bf3 30. Ne5 Be4 31. Rd7 Re6 32. f4 Bc2 33. Rxc7 Ba4 34. Rc8+ Kh7 35. c6 1-0